<?xml version="1.0" encoding="UTF-8"?>
<record
    xmlns:xsi="http://www.w3.org/2001/XMLSchema-instance"
    xsi:schemaLocation="http://www.loc.gov/MARC21/slim http://www.loc.gov/standards/marcxml/schema/MARC21slim.xsd"
    xmlns="http://www.loc.gov/MARC21/slim">

  <leader>00562nam a22001337a 4500</leader>
  <datafield tag="040" ind1=" " ind2=" ">
    <subfield code="c">RUA</subfield>
  </datafield>
  <datafield tag="082" ind1=" " ind2=" ">
    <subfield code="a">AGR SAI 2015 B521 Or.1</subfield>
  </datafield>
  <datafield tag="100" ind1=" " ind2=" ">
    <subfield code="a">SAING CHANDOEURN; &#x179F;&#x17B6;&#x17C6;&#x1784; &#x1785;&#x17D0;&#x1793;&#x17D2;&#x1791;&#x178A;&#x17BF;&#x1793;</subfield>
  </datafield>
  <datafield tag="245" ind1=" " ind2=" ">
    <subfield code="a">Comparison of interduced chinses radish varieties under dry season condition; &#x1780;&#x17B6;&#x179A;&#x1794;&#x17D2;&#x179A;&#x17C0;&#x1794;&#x1792;&#x17C0;&#x1794;&#x1796;&#x17BC;&#x1787;&#x1786;&#x17C3;&#x1790;&#x17B6;&#x179C;&#x1793;&#x17B6;&#x17C6;&#x1785;&#x17C1;&#x1789;&#x1793;&#x17C5;&#x1780;&#x17D2;&#x179A;&#x17C4;&#x1798;&#x179B;&#x1780;&#x17D2;&#x1781;&#x1781;&#x178E;&#x17D2;&#x178C;&#x179A;&#x178A;&#x17BC;&#x179C;&#x1794;&#x17D2;&#x179A;&#x17B6;&#x17C6;&#x1784;</subfield>
  </datafield>
  <datafield tag="260" ind1=" " ind2=" ">
    <subfield code="a">Phnom penh</subfield>
    <subfield code="b">RUA</subfield>
    <subfield code="c">2015</subfield>
  </datafield>
  <datafield tag="300" ind1=" " ind2=" ">
    <subfield code="a">xiii; 39p;</subfield>
    <subfield code="b">ill;</subfield>
    <subfield code="c">29cm;</subfield>
  </datafield>
  <datafield tag="856" ind1=" " ind2=" ">
    <subfield code="u">SAING CHANDOEURN</subfield>
  </datafield>
  <datafield tag="942" ind1=" " ind2=" ">
    <subfield code="c">AGR</subfield>
  </datafield>
  <datafield tag="999" ind1=" " ind2=" ">
    <subfield code="c">10716</subfield>
    <subfield code="d">10716</subfield>
  </datafield>
  <datafield tag="952" ind1=" " ind2=" ">
    <subfield code="0">0</subfield>
    <subfield code="1">0</subfield>
    <subfield code="2">ddc</subfield>
    <subfield code="4">0</subfield>
    <subfield code="6">AGR_SAI_2015_000000000000000_B521_OR_1</subfield>
    <subfield code="7">0</subfield>
    <subfield code="9">55806</subfield>
    <subfield code="a">LBB</subfield>
    <subfield code="b">LBB</subfield>
    <subfield code="c">B521</subfield>
    <subfield code="d">2016-11-03</subfield>
    <subfield code="o">AGR SAI 2015 B521 Or.1</subfield>
    <subfield code="p">A01884</subfield>
    <subfield code="r">2016-11-03</subfield>
    <subfield code="w">2016-11-03</subfield>
    <subfield code="y">AGR</subfield>
  </datafield>
  <datafield tag="952" ind1=" " ind2=" ">
    <subfield code="0">0</subfield>
    <subfield code="1">0</subfield>
    <subfield code="2">ddc</subfield>
    <subfield code="4">0</subfield>
    <subfield code="6">AGR_SAI_2015_000000000000000_B521_OR_2</subfield>
    <subfield code="7">0</subfield>
    <subfield code="9">55807</subfield>
    <subfield code="a">LBB</subfield>
    <subfield code="b">LBB</subfield>
    <subfield code="c">B521</subfield>
    <subfield code="d">2016-11-03</subfield>
    <subfield code="l">4</subfield>
    <subfield code="o">AGR SAI 2015 B521 Or.2</subfield>
    <subfield code="p">RUA061360</subfield>
    <subfield code="r">2025-02-18</subfield>
    <subfield code="s">2025-01-31</subfield>
    <subfield code="w">2016-11-03</subfield>
    <subfield code="y">AGR</subfield>
  </datafield>
  <datafield tag="952" ind1=" " ind2=" ">
    <subfield code="0">0</subfield>
    <subfield code="1">0</subfield>
    <subfield code="2">ddc</subfield>
    <subfield code="4">0</subfield>
    <subfield code="6">AGR_SAI_2015_000000000000000_B521_OR_3</subfield>
    <subfield code="7">0</subfield>
    <subfield code="9">55808</subfield>
    <subfield code="a">LBB</subfield>
    <subfield code="b">LBB</subfield>
    <subfield code="c">B521</subfield>
    <subfield code="d">2016-11-03</subfield>
    <subfield code="l">4</subfield>
    <subfield code="o">AGR SAI 2015 B521 Or.3</subfield>
    <subfield code="p">A01933</subfield>
    <subfield code="r">2025-11-14</subfield>
    <subfield code="s">2025-11-12</subfield>
    <subfield code="w">2016-11-03</subfield>
    <subfield code="y">AGR</subfield>
  </datafield>
  <datafield tag="952" ind1=" " ind2=" ">
    <subfield code="0">0</subfield>
    <subfield code="1">0</subfield>
    <subfield code="2">ddc</subfield>
    <subfield code="4">0</subfield>
    <subfield code="6">AGR_SAI_2015_000000000000000_B521_OR_4</subfield>
    <subfield code="7">0</subfield>
    <subfield code="9">55809</subfield>
    <subfield code="a">LBB</subfield>
    <subfield code="b">LBB</subfield>
    <subfield code="c">B521</subfield>
    <subfield code="d">2016-11-03</subfield>
    <subfield code="l">1</subfield>
    <subfield code="o">AGR SAI 2015 B521 Or.4</subfield>
    <subfield code="p">A01083</subfield>
    <subfield code="q">2018-12-14</subfield>
    <subfield code="r">2018-11-26</subfield>
    <subfield code="s">2018-11-26</subfield>
    <subfield code="w">2016-11-03</subfield>
    <subfield code="y">AGR</subfield>
  </datafield>
  <datafield tag="952" ind1=" " ind2=" ">
    <subfield code="0">0</subfield>
    <subfield code="1">0</subfield>
    <subfield code="2">ddc</subfield>
    <subfield code="4">0</subfield>
    <subfield code="6">AGR_SAI_2015_000000000000000_B521_OR_5</subfield>
    <subfield code="7">0</subfield>
    <subfield code="9">55810</subfield>
    <subfield code="a">LBB</subfield>
    <subfield code="b">LBB</subfield>
    <subfield code="c">B521</subfield>
    <subfield code="d">2016-11-03</subfield>
    <subfield code="l">6</subfield>
    <subfield code="o">AGR SAI 2015 B521 Or.5</subfield>
    <subfield code="p">A00482</subfield>
    <subfield code="r">2019-11-29</subfield>
    <subfield code="s">2019-10-30</subfield>
    <subfield code="w">2016-11-03</subfield>
    <subfield code="y">AGR</subfield>
  </datafield>
  <datafield tag="952" ind1=" " ind2=" ">
    <subfield code="0">0</subfield>
    <subfield code="1">0</subfield>
    <subfield code="2">ddc</subfield>
    <subfield code="4">0</subfield>
    <subfield code="6">AGR_SAI_2015_000000000000000_B521_OR_6</subfield>
    <subfield code="7">0</subfield>
    <subfield code="9">55811</subfield>
    <subfield code="a">LBB</subfield>
    <subfield code="b">LBB</subfield>
    <subfield code="c">B521</subfield>
    <subfield code="d">2016-11-03</subfield>
    <subfield code="l">2</subfield>
    <subfield code="o">AGR SAI 2015 B521 Or.6</subfield>
    <subfield code="p">A00139</subfield>
    <subfield code="r">2019-12-11</subfield>
    <subfield code="s">2019-11-27</subfield>
    <subfield code="w">2016-11-03</subfield>
    <subfield code="y">AGR</subfield>
  </datafield>
  <datafield tag="952" ind1=" " ind2=" ">
    <subfield code="0">0</subfield>
    <subfield code="1">0</subfield>
    <subfield code="2">ddc</subfield>
    <subfield code="4">0</subfield>
    <subfield code="6">AGR_SAI_2015_000000000000000_B521_OR_7</subfield>
    <subfield code="7">0</subfield>
    <subfield code="9">55812</subfield>
    <subfield code="a">LBB</subfield>
    <subfield code="b">LBB</subfield>
    <subfield code="c">B521</subfield>
    <subfield code="d">2016-11-03</subfield>
    <subfield code="l">5</subfield>
    <subfield code="o">AGR SAI 2015 B521 Or.7</subfield>
    <subfield code="p">A00872</subfield>
    <subfield code="r">2023-12-25</subfield>
    <subfield code="s">2023-12-08</subfield>
    <subfield code="w">2016-11-03</subfield>
    <subfield code="y">AGR</subfield>
  </datafield>
  <datafield tag="952" ind1=" " ind2=" ">
    <subfield code="0">0</subfield>
    <subfield code="1">0</subfield>
    <subfield code="2">ddc</subfield>
    <subfield code="4">0</subfield>
    <subfield code="6">AGR_SAI_2015_000000000000000_B521_OR_8</subfield>
    <subfield code="7">0</subfield>
    <subfield code="9">55814</subfield>
    <subfield code="a">LBB</subfield>
    <subfield code="b">LBB</subfield>
    <subfield code="c">B521</subfield>
    <subfield code="d">2016-11-03</subfield>
    <subfield code="o">AGR SAI 2015 B521 Or.8</subfield>
    <subfield code="p">A00497</subfield>
    <subfield code="r">2016-11-03</subfield>
    <subfield code="w">2016-11-03</subfield>
    <subfield code="y">AGR</subfield>
  </datafield>
</record>
